Conveyor Belts: A Sustainable Solution To Industries (Record no. 75574)

MARC details
000 -LEADER
fixed length control field 00461nam a22001217a 4500
100 ## - MAIN ENTRY--AUTHOR NAME
Personal name Ray, C
245 ## - TITLE STATEMENT
Title Conveyor Belts: A Sustainable Solution To Industries
260 ## - PUBLICATION, DISTRIBUTION, ETC. (IMPRINT)
Name of publisher International Rubber Conference-rubber Con 2024: Sustainable Development In Rubber Industry-challenges And Opportunities, 5-7 December 2024, Indian Rubber Institute, Kochi, India, P. 12.
Year of publication 2024
650 ## - SUBJECT ADDED ENTRY--TOPICAL TERM
Topical Term Conveyor Belts
700 ## - ADDED ENTRY--PERSONAL NAME
Personal name Makar, V.
942 ## - ADDED ENTRY ELEMENTS (KOHA)
Koha item type Journals
Holdings
Withdrawn status Lost status Damaged status Not for loan Home library Current library Date acquired Koha item type
        RRII Library RRII Library 17/09/2025 Journals